000 00251nam a2200109Ia 4500
005 20251222143300.0
008 251222s9999||||xx |||||||||||||| ||spa||
082 _a248.2/P77
245 0 _aLa Dirección Espiritual
264 _bJuan Flors
942 _cLIB
999 _c15289
_d15289